[Event "40th Olympiad Women"]
[Site "Istanbul TUR"]
[Date "2012.09.04"]
[Round "7.40"]
[Board "2"]
[White "Sotomayor Villatoro, Silvi"]
[Black "Giulian, Rosemary A"]
[Result "1-0"]
[WhiteTitle "WIM"]
[WhiteElo "1885"]
[BlackElo "1894"]
[WhiteTeam "Guatemala"]
[BlackTeam "Scotland"]
[WhiteFideId "7301057"]
[BlackFideId "2400375"]
[EventDate "2012.08.28"]

1. d4 e6 2. e3 Nf6 3. Bd3 c5 4. c3 Be7 5. f4 d5 6. Nf3 O-O 7. Nbd2 b6 8. Ne5 Bb7
9. Qf3 g6 10. O-O Nc6 11. g4 cxd4 12. exd4 Nxe5 13. fxe5 Nd7 14. Qe2 Bg5 15. Nf3
Bxc1 16. Raxc1 Qe7 17. Rce1 a5 18. Qe3 Kg7 19. Rf2 Ba6 20. Bc2 Rh8 21. h4 h6 22.
g5 h5 23. Kh2 Rac8 24. Nd2 Rc7 25. Bd3 Bxd3 26. Qxd3 Nb8 27. Nb1 Nc6 28. Re3 Na7
29. Na3 Rb8 30. c4 Qd7 31. b3 Qe7 32. Nc2 Qd8 33. Ref3 Nc6 34. Qf1 Rbb7 35. cxd5
Qxd5 36. Rf4 Qd8 37. Qg2 Ra7 38. Qe4 Rab7 39. Ne3 Nb4 40. Nc4 Qd5 41. Qe2 Re7
42. Nd6 Rbc7 43. Qf1 Kg8 44. Nxf7 Rc2 45. Rxc2 Nxc2 46. Nh6+ 1-0

[Event "40th Olympiad Women"]
[Site "Istanbul TUR"]
[Date "2012.09.04"]
[Round "7.40"]
[Board "3"]
[White "Durno, Joy"]
[Black "Mencos Castillo, Maria"]
[Result "1-0"]
[WhiteTitle "WFM"]
[WhiteElo "1863"]
[BlackElo "1721"]
[WhiteTeam "Scotland"]
[BlackTeam "Guatemala"]
[WhiteFideId "2403501"]
[BlackFideId "7300867"]
[EventDate "2012.08.28"]

1. d4 Nf6 2. c4 e6 3. Nf3 c5 4. d5 exd5 5. cxd5 d6 6. Nc3 a6 7. a4 g6 8. Nd2 Bg7
9. Nc4 O-O 10. Bf4 Ne8 11. e4 f5 12. Qd2 Bxc3 13. bxc3 fxe4 14. h3 Ra7 15. g3
Qe7 16. Bg2 b5 17. Nb6 Nf6 18. Nxc8 Rxc8 19. O-O bxa4 20. Rxa4 Nbd7 21. Qe2 Nxd5
22. Rxe4 Qf7 23. Bd2 N7f6 24. Re6 Rd7 25. Re1 Nc7 26. Re3 d5 27. Re5 Rcd8 28. h4
Ne4 29. Bxe4 dxe4 30. Bg5 Rf8 31. Bh6 Re8 32. Qxe4 Rxe5 33. Qxe5 c4 34. Bf4 Nb5
35. Qb8+ Kg7 36. Qe5+ Kg8 37. Bh6 Nc7 38. Re2 Rd1+ 39. Kh2 Rd7 40. Qc5 Qf6 41.
Qxc4+ Qf7 42. Qc6 a5 43. Rb2 Rd8 44. c4 Ne6 45. Kg2 Nd4 46. Qb6 Ne6 47. Qxa5 Qe7
48. Qe5 Qf7 49. Rb8 Re8 50. Rxe8+ Qxe8 51. Qd5 Kf7 52. c5 Qc8 53. Be3 Ke7 54.
Qd6+ Kf7 55. c6 Qc7 56. Qxc7+ Nxc7 57. Bf4 Nd5 58. c7 Nb6 59. Kf3 h5 60. Ke4 Ke6
61. f3 Nc8 62. Be5 Nb6 63. Bd4 Nc8 64. Kf4 Ne7 65. Kg5 Kf7 66. Bb6 Nc8 67. Bc5
Kg7 68. f4 Kf7 69. Kh6 Kf6 70. Kh7 Kf7 71. Bd4 Ne7 72. Be5 Nc8 73. Kh6 Ne7 74.
Kg5 Nc8 75. f5 gxf5 76. Kxf5 Ne7+ 77. Kg5 Ke6 78. Bf4 Kd7 79. Kxh5 Nd5 80. Kg5 1-0

[Event "40th Olympiad Women"]
[Site "Istanbul TUR"]
[Date "2012.09.04"]
[Round "7.40"]
[Board "4"]
[White "Ortiz, Wendy"]
[Black "Lampard, Alice"]
[Result "1-0"]
[WhiteElo "1709"]
[BlackElo "1593"]
[WhiteTeam "Guatemala"]
[BlackTeam "Scotland"]
[WhiteFideId "7300476"]
[BlackFideId "2402750"]
[EventDate "2012.08.28"]

1. Nf3 c5 2. d4 cxd4 3. Nxd4 g6 4. g3 Bg7 5. Nf3 Nc6 6. Bg2 Nf6 7. O-O O-O 8.
Nc3 d6 9. e4 Bd7 10. Re1 Rc8 11. Bd2 a6 12. Qc1 b5 13. a3 Re8 14. Bh6 Bh8 15. h3
Qc7 16. Nd5 Nxd5 17. exd5 Nd4 18. Nxd4 Bxd4 19. c3 Bh8 20. Qd2 Rcd8 21. Bg5 Bf6
22. Bxf6 exf6 23. Rxe8+ Rxe8 24. Re1 Rxe1+ 25. Qxe1 Kf8 26. Qe3 Bc8 27. Qh6+ Kg8
28. Qf4 f5 29. Qd4 Qc5 30. Qxc5 dxc5 31. d6 Bd7 32. b4 cxb4 33. cxb4 Kg7 34. f4
Kf6 35. Bd5 h6 36. Kf2 g5 37. Ke3 g4 38. h4 Kg7 39. Kd4 Kf6 40. Kc5 h5 41. Kb6
Bc8 42. Kc7 1-0

[Event "40th Olympiad Women"]
[Site "Istanbul TUR"]
[Date "2012.09.04"]
[Round "7.41"]
[Board "1"]
[White "Madrigal, Ana Daniela"]
[Black "Smith, Olivia"]
[Result "0-1"]
[WhiteTitle "WFM"]
[BlackTitle "WFM"]
[WhiteElo "2026"]
[BlackElo "2022"]
[WhiteTeam "Nicaragua"]
[BlackTeam "Wales"]
[WhiteFideId "6101097"]
[BlackFideId "411850"]
[EventDate "2012.08.28"]

1. d4 Nf6 2. Nf3 g6 3. c4 Bg7 4. Nc3 d6 5. e4 O-O 6. Be2 e5 7. O-O Nc6 8. d5 Ne7
9. Ne1 Kh8 10. Nd3 Nd7 11. Bd2 f5 12. Rc1 Nf6 13. f3 b6 14. b4 a5 15. c5 axb4
16. cxd6 cxd6 17. Nxb4 Nd7 18. Nd3 Ba6 19. Nb4 Bxe2 20. Qxe2 Nc5 21. Nb5 Qd7 22.
Nc3 h6 23. Be3 g5 24. Rb1 fxe4 25. fxe4 Rxf1+ 26. Rxf1 Qe8 27. h4 gxh4 28. Qg4
Ng6 29. Rf5 Kh7 30. Nc6 Ra3 31. Bd2 Qd7 32. Qf3 Nh8 33. Qf2 Rxc3 34. Qxh4 Ng6
35. Qh5 Rd3 36. Qe2 Rxd2 37. Qxd2 Nxe4 0-1

[Event "40th Olympiad Women"]
[Site "Istanbul TUR"]
[Date "2012.09.04"]
[Round "7.42"]
[Board "1"]
[White "Vazquez Maccarini, Danitza"]
[Black "Vilhete, Vania Fausto Da T."]
[Result "1/2-1/2"]
[WhiteTitle "WFM"]
[WhiteElo "1916"]
[BlackElo "1816"]
[WhiteTeam "Puerto Rico"]
[BlackTeam "Mozambique"]
[WhiteFideId "3101193"]
[BlackFideId "14800144"]
[EventDate "2012.08.28"]

1. e4 c5 2. c3 d6 3. d4 Nf6 4. Bd3 cxd4 5. cxd4 Nc6 6. Nf3 Bg4 7. Be3 e6 8. Nc3
Be7 9. O-O O-O 10. Be2 a6 11. d5 Bxf3 12. Bxf3 Ne5 13. Be2 exd5 14. exd5 Rc8 15.
Qb3 Nfg4 16. Bxg4 Nxg4 17. Qxb7 Nxe3 18. fxe3 Rb8 19. Qxa6 Rxb2 20. Rab1 Rxb1
21. Rxb1 Bg5 22. Qd3 Re8 23. e4 Bf6 24. Ne2 Qa5 25. Qb5 Qa7+ 26. Kh1 Ra8 27. Qb6
Qxa2 28. Nc3 Qa3 29. Nb5 Qa6 30. Qxa6 Rxa6 31. Rc1 g6 32. g3 Rb6 33. Rc8+ Kg7
34. Nc7 Be5 35. Ne8+ Kh6 36. Rc6 Rb4 37. Nxd6 Bxd6 38. Rxd6 Rxe4 39. Rd7 Kg7 40.
d6 Re8 41. Kg2 Kf6 42. Kf3 Ke6 43. Ra7 Rd8 44. Re7+ Kf6 45. Rb7 Rxd6 46. Rb3 Rd2
47. h4 h6 48. Rb4 Rd3+ 49. Kf4 g5+ 50. hxg5+ hxg5+ 51. Kg4 Kg6 52. Rb6+ f6 53.
Ra6 Rd4+ 54. Kf3 Kf5 55. Ra5+ Ke6 56. g4 Rd5 57. Ra3 f5 58. gxf5+ Kxf5 59. Kg3
Kg6 60. Rb3 Rd4 61. Ra3 Kh5 62. Rb3 Rd1 63. Ra3 Rg1+ 64. Kh2 Rg4 65. Kh3 Rb4 66.
Kg3 Rb5 67. Rc3 Kg6 68. Kg4 Rb4+ 69. Kg3 g4 70. Rc5 Kf6 71. Ra5 1/2-1/2

[Event "40th Olympiad Women"]
[Site "Istanbul TUR"]
[Date "2012.09.04"]
[Round "7.43"]
[Board "2"]
[White "Latreche, Sabrina"]
[Black "Lebel-Arias, Julia"]
[Result "1/2-1/2"]
[WhiteTitle "WIM"]
[BlackTitle "WIM"]
[WhiteElo "1949"]
[BlackElo "1892"]
[WhiteTeam "Algeria"]
[BlackTeam "Monaco"]
[WhiteFideId "7901798"]
[BlackFideId "602019"]
[EventDate "2012.08.28"]

1. e4 Nf6 2. Nc3 d6 3. Nf3 c6 4. g3 e5 5. Bg2 Be7 6. O-O Nbd7 7. d4 O-O 8. Bg5
h6 9. Bxf6 Bxf6 10. Qd2 Qc7 11. Rad1 Nb6 12. Rfe1 Bg4 13. Ne2 Rad8 14. h3 Be6
15. b3 Rfe8 16. c4 c5 17. dxe5 dxe5 18. Qc2 Rxd1 19. Rxd1 Rd8 20. Nc3 Rxd1+ 21.
Qxd1 Qd7 22. Qxd7 Nxd7 23. Ne1 Bg5 24. Nd3 Bd2 25. Nb5 a6 26. Nc7 Ba5 27. Nd5 b5
28. f4 f6 29. Kf2 bxc4 30. bxc4 Kf7 31. fxe5 fxe5 32. Ke3 Ke8 33. h4 Kd8 34. Bf3
Bc7 35. Bd1 Bd6 36. Nf2 Be7 37. Kd3 Nb8 38. Ba4 Bd7 39. Bxd7 Kxd7 40. Ng4 Nc6
41. a3 Bd8 42. Nge3 g6 43. Nd1 h5 44. N1e3 Kd6 45. Nc3 Nd4 46. Ne2 Ne6 47. Ng1
Nd4 48. Nc2 Ne6 49. Nf3 Ba5 50. Ne3 Bd8 51. Nd5 Nd4 52. Nh2 Ne6 53. Ne3 Nd4 54.
Nd5 Ke6 55. Nf1 Kd6 56. Nd2 Ke6 1/2-1/2

[Event "40th Olympiad Women"]
[Site "Istanbul TUR"]
[Date "2012.09.04"]
[Round "7.43"]
[Board "3"]
[White "Chung, Mathilde"]
[Black "Abdi, Zineb Dina"]
[Result "0-1"]
[BlackTitle "WCM"]
[WhiteElo "1794"]
[BlackElo "1898"]
[WhiteTeam "Monaco"]
[BlackTeam "Algeria"]
[WhiteFideId "676446"]
[BlackFideId "7900880"]
[EventDate "2012.08.28"]

1. d4 d5 2. c4 e6 3. Nc3 Nf6 4. Nf3 c5 5. cxd5 Nxd5 6. e4 Nxc3 7. bxc3 cxd4 8.
cxd4 Bb4+ 9. Bd2 Bxd2+ 10. Qxd2 O-O 11. Bc4 Nd7 12. O-O b6 13. Qd3 Bb7 14. Ba6
Bxa6 15. Qxa6 Nf6 16. e5 Nd5 17. Rac1 Qd7 18. Rc4 Rfc8 19. Rfc1 Rxc4 20. Rxc4 h6
21. h3 Rb8 22. Qa3 Rb7 23. Qc1 Rc7 24. Nd2 b5 25. Rc5 Rxc5 26. Qxc5 a6 27. Ne4
Qc7 28. Kf1 Qxc5 29. Nxc5 a5 30. a4 Nc3 31. axb5 Nxb5 32. Ke2 Nxd4+ 33. Kd3 Nc6
34. f4 Kh7 35. Kc4 Kg6 36. g4 h5 37. Kb5 Nd4+ 38. Kxa5 Ne2 39. Nd3 Ng1 40. Nf2
Kh6 41. Kb6 Nf3 42. Nd3 g5 43. f5 exf5 44. gxf5 Nd4 45. e6 fxe6 46. fxe6 Nxe6
47. Kc6 Kg6 48. Kd5 Nf4+ 49. Nxf4+ gxf4 50. Ke4 Kg5 51. Kf3 Kf5 52. Kf2 Ke4 53.
h4 f3 54. Kf1 Kf4 55. Kf2 Kg4 56. Kf1 Kxh4 0-1

[Event "40th Olympiad Women"]
[Site "Istanbul TUR"]
[Date "2012.09.04"]
[Round "7.43"]
[Board "4"]
[White "Nouali, Djouher"]
[Black "Lomandong Noela-Joyce"]
[Result "1-0"]
[WhiteElo "1727"]
[BlackElo "1516"]
[WhiteTeam "Algeria"]
[BlackTeam "Monaco"]
[WhiteFideId "7900414"]
[BlackFideId "5400384"]
[EventDate "2012.08.28"]

1. c4 f5 2. d4 Nf6 3. Nc3 g6 4. Nf3 Bg7 5. Bg5 O-O 6. g3 d6 7. Bg2 c6 8. O-O
Nbd7 9. Qd2 a6 10. a4 Qc7 11. Bh6 e5 12. Bxg7 Kxg7 13. Ng5 Nb8 14. b4 h6 15. Nh3
Be6 16. d5 Bf7 17. Rfc1 Rd8 18. b5 c5 19. e4 fxe4 20. Nxe4 Nxe4 21. Bxe4 Nd7 22.
f4 Nf6 23. Nf2 exf4 24. Qxf4 Re8 25. Re1 Re7 26. Re2 axb5 27. cxb5 Bxd5 28. Qf3
Rae8 29. Rae1 Nxe4 30. Nxe4 Re6 31. Qc3+ Re5 32. Nxc5 Kh7 33. Rxe5 Rxe5 34. Rxe5
dxe5 35. Qe3 Qb6 36. Kf2 Qf6+ 37. Ke1 Qb6 38. Kd2 Qd6 39. Ke1 Qb6 40. Qc3 Qc7
41. Ne4 Qe7 42. Qc5 Qd7 1-0

[Event "40th Olympiad Women"]
[Site "Istanbul TUR"]
[Date "2012.09.04"]
[Round "7.44"]
[Board "1"]
[White "Olatunji, Oluwatobiloba"]
[Black "Al-khelaifi, Aisha"]
[Result "1-0"]
[WhiteElo "1818"]
[BlackElo "1688"]
[WhiteTeam "Nigeria"]
[BlackTeam "Qatar"]
[WhiteFideId "8500924"]
[BlackFideId "12100625"]
[EventDate "2012.08.28"]

1. Nf3 d5 2. d4 Nf6 3. c4 c6 4. cxd5 cxd5 5. Nc3 a6 6. Bf4 Nc6 7. e3 Bg4 8. h3
Bxf3 9. Qxf3 e6 10. a3 Qa5 11. Bd3 Be7 12. O-O Qd8 13. Rac1 O-O 14. b4 Rc8 15.
Na4 Nd7 16. Qg3 g6 17. Bd6 Bxd6 18. Qxd6 Qe7 19. Rxc6 Qxd6 20. Rxd6 Nf6 21. Nc5
Rc7 22. Rb6 Kg7 23. Rxb7 Rxb7 24. Nxb7 Ra8 25. Rc1 Ne8 26. Rc6 Kf8 27. Rxa6 Rxa6
28. Bxa6 Nc7 29. Bd3 Ke7 30. a4 Kd7 31. b5 Na8 32. a5 Kc7 33. Nc5 h5 34. b6+
Nxb6 35. axb6+ 1-0

[Event "40th Olympiad Women"]
[Site "Istanbul TUR"]
[Date "2012.09.04"]
[Round "7.44"]
[Board "3"]
[White "Akintola, Olufunmilayo"]
[Black "Al-khulaifi, Fatima A."]
[Result "0-1"]
[WhiteElo "1747"]
[BlackElo "1583"]
[WhiteTeam "Nigeria"]
[BlackTeam "Qatar"]
[WhiteFideId "8500886"]
[BlackFideId "12100382"]
[EventDate "2012.08.28"]

1. e4 e5 2. Nf3 Nf6 3. d3 Nc6 4. Nc3 h6 5. Be2 Bb4 6. Bd2 O-O 7. O-O d6 8. a3
Bxc3 9. Bxc3 Re8 10. h3 Nh7 11. Nh2 Ng5 12. Bg4 d5 13. exd5 Qxd5 14. h4 Bxg4 15.
Qxg4 Nh7 16. Rfe1 Re6 17. Qf3 Rd8 18. Qxd5 Rxd5 19. Nf3 Nf6 20. Rad1 e4 21. dxe4
Rxd1 22. Rxd1 Nxe4 23. Rd3 Nxc3 24. Rxc3 Kf8 25. Kf1 Ke7 26. Rd3 Ne5 27. Nxe5
Rxe5 28. f3 Ke6 29. Kf2 Rd5 30. Rxd5 Kxd5 31. Ke3 Ke5 32. g4 g5 33. hxg5 hxg5
34. c3 c5 35. b3 b5 36. b4 c4 37. Ke2 Kf4 38. Kf2 a6 39. Ke2 Kg3 40. Ke3 f6 41.
Ke2 Kg2 42. Ke3 Kf1 43. f4 Ke1 44. Ke4 Kd2 45. fxg5 fxg5 46. Kf5 Kxc3 47. Kxg5
Kb3 48. Kf6 c3 49. g5 c2 50. g6 c1=Q 51. g7 Qh6+ 52. Kf7 Qxg7+ 0-1

[Event "40th Olympiad Women"]
[Site "Istanbul TUR"]
[Date "2012.09.04"]
[Round "7.45"]
[Board "3"]
[White "Tuzi, Bruna"]
[Black "Masiyazi, Rhoda"]
[Result "1-0"]
[WhiteElo "1546"]
[BlackElo "2005"]
[WhiteTeam "Albania"]
[BlackTeam "Zimbabwe"]
[WhiteFideId "4701100"]
[BlackFideId "11000090"]
[EventDate "2012.08.28"]

1. e4 d6 2. d4 Nf6 3. Nc3 g6 4. Nf3 Bg7 5. Be2 O-O 6. O-O Bg4 7. h3 Bd7 8. Re1
Qc8 9. Bf1 a6 10. e5 Ne8 11. a4 b6 12. Bc4 dxe5 13. dxe5 Bxh3 14. gxh3 Qxh3 15.
Bf1 Qc8 16. Bg2 c6 17. Be3 Qc7 18. Qd2 Nd7 19. Bxb6 Nxb6 20. b3 e6 21. Rad1 Nd5
22. Nb1 Qb6 23. Na3 Rd8 24. Nc4 Qb8 25. Na5 Rc8 26. Bf1 Qb6 27. Nd4 c5 28. Ndc6
Rxc6 29. Nxc6 Qxc6 30. Bg2 c4 31. Bxd5 exd5 32. Qxd5 Qxd5 33. Rxd5 cxb3 34. cxb3
Nc7 35. Ra5 Bh6 36. Rd1 Ra8 37. Rd7 Ne6 38. Rd6 Bf4 39. Rdxa6 Rxa6 40. Rxa6 Bxe5
41. b4 Bd4 42. a5 Bc3 43. Rb6 Nc7 44. Rb7 Na6 45. b5 Nc5 46. Rc7 Bxa5 47. Rxc5
Kf8 48. Rc6 Ke8 49. b6 Kd8 50. b7 Bc7 51. Kg2 Kd7 52. Rc4 h6 53. Kf3 f5 54. Ke3
h5 55. f4 Bb6+ 56. Kf3 Bc7 57. Kg3 g5 58. Kh3 gxf4 59. Kh4 f3 60. Kxh5 f2 61.
Rc1 Bb8 62. Kg5 Ke6 63. Rf1 Kd7 64. Rxf2 Kc7 65. Rb2 Ba7 66. Kxf5 Bb6 67. Rf2 1-0

[Event "40th Olympiad Women"]
[Site "Istanbul TUR"]
[Date "2012.09.04"]
[Round "7.46"]
[Board "3"]
[White "Rojas, Montserrat"]
[Black "Ilhom, Mootribai"]
[Result "1/2-1/2"]
[WhiteElo "1605"]
[BlackElo "1705"]
[WhiteTeam "Paraguay"]
[BlackTeam "Tajikistan"]
[WhiteFideId "3701670"]
[BlackFideId "14700204"]
[EventDate "2012.08.28"]

1. c4 e6 2. d4 f5 3. Nc3 Nf6 4. b3 Be7 5. Bb2 d5 6. e3 c6 7. Qc2 Na6 8. a3 Nc7
9. g3 Bd7 10. Nf3 O-O 11. c5 Ne4 12. Ne5 Ne8 13. f3 Ng5 14. h4 Nf7 15. Nxf7 Rxf7
16. Bd3 b6 17. b4 a5 18. Ke2 axb4 19. axb4 bxc5 20. bxc5 Rxa1 21. Rxa1 Qb8 22.
f4 Nf6 23. Rb1 Qa8 24. Ra1 Qb8 25. Rb1 Qa8 26. Ra1 Qb8 27. Rb1 Qa8 28. Ra1 Qb8
29. Rb1 Qa8 30. Ra1 Qb8 1/2-1/2

[Event "40th Olympiad Women"]
[Site "Istanbul TUR"]
[Date "2012.09.04"]
[Round "7.46"]
[Board "4"]
[White "Odinaeva, Saodat"]
[Black "Perez, Dalila"]
[Result "1-0"]
[WhiteElo "1741"]
[BlackElo "1760"]
[WhiteTeam "Tajikistan"]
[BlackTeam "Paraguay"]
[WhiteFideId "14700255"]
[BlackFideId "3702014"]
[EventDate "2012.08.28"]

1. d4 d5 2. Nf3 Nf6 3. g3 Bf5 4. Bg2 h6 5. O-O e6 6. b3 Nbd7 7. Bb2 c5 8. Nbd2
Rc8 9. c4 Be7 10. Rc1 O-O 11. Re1 Ne4 12. a3 Qb6 13. e3 a5 14. h3 Ndf6 15. Nxe4
Bxe4 16. Nd2 Bxg2 17. Kxg2 Rfd8 18. Qc2 dxc4 19. bxc4 Qc6+ 20. Kg1 Nh7 21. Ne4
Ng5 22. Nxg5 Bxg5 23. h4 Be7 24. Red1 b6 25. Qc3 Bf6 26. Qc2 Qf3 27. Rd3 Qg4 28.
Qd1 Qe4 29. Qd2 Rd6 30. Qd1 Rcd8 31. f3 Qb7 32. Kg2 Qe7 33. Rc2 e5 34. d5 e4 35.
Rdd2 Bxb2 36. Rxb2 exf3+ 37. Qxf3 Rf6 38. Qe2 Qe4+ 39. Kh2 Rdd6 40. Qd3 Qe5 41.
e4 g5 42. Kh3 Rg6 43. Rg2 Qe7 44. Rbf2 Kf8 45. Qe3 Rdf6 46. e5 Qd7+ 47. Kh2 Rxf2
48. Qxf2 Kg8 49. h5 Rg7 50. g4 Qa4 51. d6 f5 52. gxf5 Qxc4 53. e6 Qd5 54. d7 g4
55. Qf4 Rg5 56. Rxg4 Rxg4 57. Qxg4+ Kf8 58. f6 Qd2+ 59. Kh3 Qc3+ 60. Qg3 Qxf6
61. Qb8+ Kg7 62. d8=Q 1-0

[Event "40th Olympiad Women"]
[Site "Istanbul TUR"]
[Date "2012.09.04"]
[Round "7.47"]
[Board "2"]
[White "Kim, Taegyeong"]
[Black "Johannsdottir, Johanna Bjorg"]
[Result "1-0"]
[WhiteTitle "WCM"]
[WhiteElo "1536"]
[BlackElo "1886"]
[WhiteTeam "South Korea"]
[BlackTeam "Iceland"]
[WhiteFideId "13200976"]
[BlackFideId "2303108"]
[EventDate "2012.08.28"]

1. d4 d5 2. c4 Nf6 3. cxd5 Nxd5 4. e4 Nb6 5. Nf3 Bg4 6. Be3 e6 7. a3 N8d7 8. Be2
c5 9. Nc3 Be7 10. O-O O-O 11. Rc1 Rc8 12. Na4 Nxa4 13. Qxa4 Nb6 14. Qxa7 Ra8 15.
Qxb7 Bxf3 16. Bxf3 cxd4 17. Bf4 Nd7 18. Rc7 Nc5 19. Qb5 Rb8 20. Qc4 Nb7 21. Rxe7
Qxe7 22. Bxb8 Rxb8 23. Qxd4 Na5 24. b4 Nb7 25. e5 Nd8 26. Rb1 Qc7 27. g3 Nc6 28.
Bxc6 Qxc6 29. b5 Qa8 30. a4 Rd8 31. Qb4 Qf3 32. Qb3 Qf5 33. b6 Rd2 34. Rf1 Qxe5
35. b7 Rd8 36. Rb1 Rb8 37. Rc1 Rd8 38. Rc8 Qe1+ 39. Kg2 Qe4+ 40. Qf3 Qd4 41.
Rxd8+ Qxd8 42. Qc6 1-0

[Event "40th Olympiad Women"]
[Site "Istanbul TUR"]
[Date "2012.09.04"]
[Round "7.47"]
[Board "4"]
[White "Oh, Minah"]
[Black "Kristinardottir, Elsa Maria"]
[Result "0-1"]
[WhiteTitle "WCM"]
[WhiteElo "1522"]
[BlackElo "1737"]
[WhiteTeam "South Korea"]
[BlackTeam "Iceland"]
[WhiteFideId "13201239"]
[BlackFideId "2300370"]
[EventDate "2012.08.28"]

1. e4 c6 2. d4 d5 3. exd5 cxd5 4. Bd3 Nc6 5. Nf3 Bg4 6. c3 e6 7. Bf4 Qb6 8. b3
Nf6 9. Nbd2 Qa5 10. Qc2 Rc8 11. O-O Qb6 12. Qb2 Be7 13. Rac1 O-O 14. Rfe1 Rfd8
15. h3 Bh5 16. Re3 Bg6 17. Bxg6 hxg6 18. Ne5 Qa5 19. b4 Qb5 20. Qb1 Nxe5 21.
Bxe5 Bd6 22. Nf3 Ne4 23. Bxd6 Rxd6 24. Ne5 Nd2 25. Qc2 Nc4 26. Nxc4 Qxc4 27. a4
Rdc6 28. Qd2 R6c7 29. Rf3 Qa6 30. a5 Qd6 31. Qg5 Rc4 32. h4 Qd8 33. Qg4 Rxb4 34.
Qf4 Qc7 35. Qg5 Rxd4 36. h5 f6 37. Qxg6 Qf7 38. Rb1 Rdc4 39. Qxf7+ Kxf7 40.
Rxb7+ R4c7 41. Rb4 Rc4 42. Rd3 f5 43. Kh2 Kf6 44. Rg3 Rxb4 45. cxb4 d4 46. Rg6+
Kf7 47. Kg3 Rc3+ 48. Kf4 Rc4 49. b5 Rb4 50. b6 axb6 51. axb6 Rxb6 52. Rg3 Rd6
53. Rd3 Kf6 54. f3 e5+ 55. Kg3 e4 56. fxe4 fxe4 57. Rd1 Kg5 58. Rh1 d3 59. Kf2
Kf4 60. g3+ Ke5 61. Ke3 Rf6 62. Kd2 Kd4 0-1

[Event "40th Olympiad Women"]
[Site "Istanbul TUR"]
[Date "2012.09.04"]
[Round "7.49"]
[Board "1"]
[White "Krifa, Najla"]
[Black "Barria, Raisa"]
[Result "0-1"]
[WhiteTitle "WFM"]
[BlackTitle "WCM"]
[WhiteElo "1782"]
[BlackElo "1946"]
[WhiteTeam "Tunisia"]
[BlackTeam "Panama"]
[WhiteFideId "5501040"]
[BlackFideId "6600336"]
[EventDate "2012.08.28"]

1. e4 c5 2. c3 d6 3. Nf3 Nf6 4. Be2 Nc6 5. d4 Bg4 6. h3 Bh5 7. O-O e5 8. d5 Nb8
9. Bg5 Be7 10. Bxf6 Bxf6 11. Nbd2 O-O 12. Nc4 Na6 13. Ne3 Bxf3 14. Bxf3 g6 15.
Be2 Nc7 16. Qc2 Bg7 17. Rab1 b5 18. b3 Qe7 19. a4 a6 20. axb5 axb5 21. Ra1 h5
22. Kh1 Bh6 23. Qd3 Qg5 24. Kg1 Kh7 25. Kh1 Rfb8 26. Kg1 Qd8 27. Rfb1 Qc8 28.
Kh1 Qb7 29. Kg1 Bxe3 30. Qxe3 b4 31. cxb4 Qxb4 32. Bc4 Nb5 33. Bxb5 Qxb5 34.
Rxa8 Rxa8 35. Qc3 Ra3 36. Qc2 Qb4 37. Kf1 Kg7 38. Kg1 Qd4 39. Rd1 Qb4 40. Rb1
Ra7 41. Qc4 Qd2 42. Qc1 Qd3 43. Qe1 Rb7 44. b4 Qb5 45. Qc3 cxb4 46. Qc6 Rb6 47.
Qxb5 Rxb5 48. Kf1 h4 49. Ke2 b3 50. Rb2 Kf6 51. Kd3 Kg5 52. Kc4 Rb8 53. Rxb3
Rxb3 54. Kxb3 Kf4 55. Kc4 Kxe4 56. f3+ Kf4 57. Kb5 e4 0-1

[Event "40th Olympiad Women"]
[Site "Istanbul TUR"]
[Date "2012.09.04"]
[Round "7.49"]
[Board "2"]
[White "Gonzalez, Yaribeth"]
[Black "Matoussi, Amani"]
[Result "0-1"]
[WhiteTitle "WCM"]
[WhiteElo "1796"]
[BlackElo "1581"]
[WhiteTeam "Panama"]
[BlackTeam "Tunisia"]
[WhiteFideId "6600344"]
[BlackFideId "5501156"]
[EventDate "2012.08.28"]

1. e4 e5 2. Nf3 Nf6 3. Bc4 Nxe4 4. Bxf7+ Kxf7 5. Nxe5+ Kg8 6. O-O d6 7. Qf3 Qf6
8. Qxe4 dxe5 9. Qd5+ Qe6 10. Qe4 Nc6 11. Nc3 Qf5 12. Qc4+ Be6 13. Qb5 Rb8 14. d3
Nd4 15. Qa4 Bc5 16. Ne4 Bb6 17. Ng3 Qg4 18. c4 h5 19. Qd1 Qg6 20. Be3 Rf8 21. b4
c5 22. b5 h4 23. Ne4 h3 24. g3 Bg4 25. f3 Rxf3 26. Rxf3 Nxf3+ 27. Kh1 Nd4 28.
Qb1 Bf3+ 29. Kg1 Bxe4 30. dxe4 Kh7 31. Bxd4 cxd4 32. Qd3 Rf8 33. Rf1 Rxf1+ 34.
Kxf1 Qf6+ 35. Ke2 Qg5 36. Kf1 Qc1+ 37. Ke2 Qb2+ 38. Ke1 Qxh2 39. Qf3 Qg1+ 0-1

[Event "40th Olympiad Women"]
[Site "Istanbul TUR"]
[Date "2012.09.04"]
[Round "7.49"]
[Board "3"]
[White "Marzouk, Amira"]
[Black "Arosemena, Betty"]
[Result "0-1"]
[WhiteTitle "WCM"]
[WhiteElo "1694"]
[BlackElo "1657"]
[WhiteTeam "Tunisia"]
[BlackTeam "Panama"]
[WhiteFideId "5501148"]
[BlackFideId "6600425"]
[EventDate "2012.08.28"]

1. e4 e5 2. Nf3 Nc6 3. d4 exd4 4. Bc4 Bc5 5. c3 Nf6 6. e5 d5 7. Bb5 Ne4 8. Nxd4
O-O 9. Be3 Nxe5 10. O-O c6 11. Be2 Bd6 12. f3 Nc5 13. f4 Ned7 14. Nf5 Bc7 15.
Bxc5 Nxc5 16. Nxg7 Kxg7 17. Qd4+ Kg8 18. Qxc5 Bb6 0-1

[Event "40th Olympiad Women"]
[Site "Istanbul TUR"]
[Date "2012.09.04"]
[Round "7.49"]
[Board "4"]
[White "Munoz, Alba"]
[Black "Matoussi, Amina"]
[Result "1-0"]
[WhiteTitle "WCM"]
[WhiteElo "1667"]
[BlackElo "1789"]
[WhiteTeam "Panama"]
[BlackTeam "Tunisia"]
[WhiteFideId "6600514"]
[BlackFideId "5501164"]
[EventDate "2012.08.28"]

1. e4 d6 2. d4 Nf6 3. Nc3 g6 4. Be3 Bg7 5. Qd2 c6 6. f3 Qc7 7. Bd3 e5 8. dxe5
dxe5 9. Bh6 O-O 10. Bxg7 Kxg7 11. Nge2 Nbd7 12. g4 Nc5 13. O-O-O Rd8 14. Qe3 Ne6
15. h4 b5 16. h5 g5 17. h6+ Kf8 18. Ng3 Nf4 19. Nf5 Qb6 20. Qd2 Bxf5 21. gxf5
N6h5 22. Rxh5 Nxh5 23. Qxg5 f6 24. Qxh5 Qe3+ 25. Kb1 b4 26. Bc4 Rxd1+ 27. Nxd1 1-0

[Event "40th Olympiad Women"]
[Site "Istanbul TUR"]
[Date "2012.09.04"]
[Round "7.50"]
[Board "1"]
[White "Naipal, Ekaterina"]
[Black "Perez, Eneida"]
[Result "1/2-1/2"]
[WhiteTitle "WCM"]
[BlackTitle "WFM"]
[WhiteElo "1756"]
[BlackElo "2070"]
[WhiteTeam "Suriname"]
[BlackTeam "Dominican Republic"]
[WhiteFideId "8200629"]
[BlackFideId "602795"]
[EventDate "2012.08.28"]

1. d4 d5 2. Nf3 e6 3. g3 f5 4. Bg2 Nf6 5. O-O Bd6 6. c4 c6 7. b3 Qe7 8. a4 O-O
9. Ba3 Nbd7 10. Qc1 Ne4 11. Bxd6 Qxd6 12. c5 Qe7 13. Nbd2 e5 14. Nxe4 fxe4 15.
Nxe5 Nxe5 16. dxe5 Qxe5 17. Qe3 Bf5 18. Rfd1 Rae8 19. Rac1 Qe6 20. b4 Rf6 21.
Rc3 Bh3 22. Bh1 Qf7 23. Bg2 Qh5 24. Bxh3 Qxh3 25. f3 Rh6 26. Qf2 exf3 27. Rxf3
Qe6 28. Rf1 Rf6 29. Rxf6 gxf6 30. Qxf6 Qxf6 31. Rxf6 Rxe2 32. Rd6 Re4 33. Rd8+
Kf7 34. Rd7+ Re7 35. Rxe7+ Kxe7 36. Kf2 Ke6 37. Ke3 Ke5 38. Kd3 a6 39. h3 h5 40.
a5 Kf5 41. Ke3 Ke5 42. Kd3 Kf5 43. Ke3 Kg5 44. Kf3 Kf5 45. Ke3 Ke5 1/2-1/2